ARRUPE JESUIT UNIVERSITY

CORONAVIRUS -STOP THE SPREAD - CLEAN,DISINFECT,COVER

Equipping for ministry in East Africa, (Record no. 121841)

MARC details
000 -LEADER
fixed length control field 00891cam a2200277 4500
001 - CONTROL NUMBER
control field 830991
003 - CONTROL NUMBER IDENTIFIER
control field ARRUPE
005 - DATE AND TIME OF LATEST TRANSACTION
control field 20150121115545.0
008 - FIXED-LENGTH DATA ELEMENTS--GENERAL INFORMATION
fixed length control field 700318s1969 tz b 000 0 eng
010 ## - LIBRARY OF CONGRESS CONTROL NUMBER
LC control number 77010085
020 ## - INTERNATIONAL STANDARD BOOK NUMBER
International Standard Book Number 0836116046
040 ## - CATALOGING SOURCE
Original cataloging agency DLC
Transcribing agency DLC
Modifying agency DLC
043 ## - GEOGRAPHIC AREA CODE
Geographic area code fe-----
050 00 - LIBRARY OF CONGRESS CALL NUMBER
Classification number BV4140.A4
Item number M5
082 00 - DEWEY DECIMAL CLASSIFICATION NUMBER
Classification number 207/.67
300 ## - PHYSICAL DESCRIPTION
Dimensions 21 cm.
100 1# - MAIN ENTRY--PERSONAL NAME
Personal name Miller, Paul M.
9 (RLIN) 14449
245 10 - TITLE STATEMENT
Title Equipping for ministry in East Africa,
Statement of responsibility, etc by Paul M. Miller.
260 ## - PUBLICATION, DISTRIBUTION, ETC. (IMPRINT)
Place of publication, distribution, etc Dodoma, Tanzania,
Name of publisher, distributor, etc Central Tanganyika Press;
Place of publication, distribution, etc Scottdale, Pa.,
Name of publisher, distributor, etc Herald Press
Date of publication, distribution, etc [c1969]
300 ## - PHYSICAL DESCRIPTION
Extent 231 p.
504 ## - BIBLIOGRAPHY, ETC. NOTE
Bibliography, etc Bibliography: p. 219-228.
650 #0 - SUBJECT ADDED ENTRY--TOPICAL TERM
Topical term or geographic name as entry element Theology
General subdivision Study and teaching
Geographic subdivision Africa, East.
9 (RLIN) 14450
650 #0 - SUBJECT ADDED ENTRY--TOPICAL TERM
Topical term or geographic name as entry element Pastoral theology
Geographic subdivision Africa, East.
9 (RLIN) 14451
650 #0 - SUBJECT ADDED ENTRY--TOPICAL TERM
Topical term or geographic name as entry element Christianity
Geographic subdivision Africa, East.
9 (RLIN) 14452
906 ## - LOCAL DATA ELEMENT F, LDF (RLIN)
a 7
b cbc
c orignew
d u
e ncip
f 19
g y-gencatlg
942 ## - ADDED ENTRY ELEMENTS (KOHA)
Source of classification or shelving scheme Library of Congress Classification
Koha item type Monograph ( Printed materials)
Holdings
Withdrawn status Lost status Source of classification or shelving scheme Damaged status Not for loan Collection code Home library Current library Shelving location Date acquired Total Checkouts Full call number Barcode Date last seen Price effective from Koha item type
    Library of Congress Classification     Main Collection ARRUPE LIBRARY ARRUPE LIBRARY Main Collection 21/01/2015   BV4140.A4 M5 46500003029 24/01/2017 21/01/2015 Monograph ( Printed materials)

 

Arrupe Library. PO Box MP320 Mt Pleasant, Harare, Zimbabwe
263 242 745411|librarian@aju.ac.zw